| 000 | 00502nam a2200157Ki 4500 | ||
|---|---|---|---|
| 082 | 0 | 4 |
_a954.03 _bTEM |
| 100 | 1 |
_aTemple, Richard, _950381 |
|
| 245 | 1 | 0 |
_aLord Lawrence _cby Sir Richard Temple. |
| 260 |
_aLondon : _bMacmillan, _c1890 |
||
| 300 |
_avi, 203 p., [1] leaf of plates : _bports. ; _c19 cm. |
||
| 490 | 0 | _aEnglish men of action | |
| 526 |
_a0 _b0 _c0 _d954_030000000000000_TEM |
||
| 650 |
_aMCE _9379 |
||
| 856 | 4 | 0 | _uhttp://catalog.hathitrust.org/api/volumes/oclc/13193576.html |
| 942 |
_2ddc _cBK |
||
| 999 |
_c553111 _d553111 |
||